| 000 | 02701cam a22003254a 4500 | ||
|---|---|---|---|
| 001 | 4998803 | ||
| 003 | ARRUPE | ||
| 005 | 20141106020006.0 | ||
| 008 | 040730s2004 inu b 001 0 eng | ||
| 010 | _a 2004018009 | ||
| 020 | _a0941532615 (pbk. : alk. paper) | ||
| 035 | _a(OCoLC)ocm56103994 | ||
| 035 | _a(NNC)4998803 | ||
| 040 |
_aDLC _cDLC _dC#P |
||
| 042 | _apcc | ||
| 050 | 0 | 0 |
_aB171 _b.G65 2004 |
| 082 | 0 | 0 |
_a182/.2 _222 |
| 245 | 0 | 4 |
_aThe golden chain : _ban anthology of Pythagorean and Platonic philosophy / _cselected and edited by Algis Uždavinys ; foreword by John F. Finamore. |
| 260 |
_aBloomington, Ind. : _bWorld Wisdom, _cc2004. |
||
| 300 |
_axxviii, 327 p. ; _c23 cm. |
||
| 490 | 1 | _aTreasures of the world's religions series | |
| 504 | _aIncludes bibliographical references (p. 315-317) and index. | ||
| 505 | 0 | _aTraditional accounts on the life and teachings of Pythagoras -- The life of Pythagoras / Anonymous -- The life of Pythagoras / Diogenes Laertius -- The life of Pythagoras / Porphyry -- On the Pythagorean life / Iamblichus -- Testimonies of pythagorean and neopythagorean tradition -- The Golden verses of Pythagoras -- Pythagorean sentences -- The sentences of Sextus the Pythagorean -- Pythagorean sentences from Iamblichus -- Pythagorean sentences from Stobaeus -- Pythagorean sentences from Clement of Alexandria -- Fragments of Philolaus -- Pythagorean pseudepigrapha -- Fragments of Archytas -- On the world and the soul / Timaeus of Locri -- On the virtues / Theages -- Concerning human life / Euryphamus -- On prudence and prosperity / Crito -- Plato : philosophy as the regrowth of wings -- Plato's dialogues and letters -- Seventh letter -- Timaeus -- Phaedrus -- Phaedo -- Theaetetus -- Symposium -- Neoplatonic hermeneutics and the way to God -- On the life of Plotinus / Porphyry -- Enneads / Plotinus -- Letter to Marcella / Porphyry -- Exhortation to philosophy / Iamblichus -- On the mysteries of the Egyptians / Iamblichus -- Commentary on the Golden verses / Hierocles -- Commentary on Plato's Phaedrus / Hermeias -- Proclus or about happiness / Marinus -- Commentary on Plato's Alcibiades / Proclus -- Theology of Plato / Proclus -- Commentary on the Timaeus of Plato / Proclus -- Commentary on the Chaldean oracles / Proclus -- Commentary on Plato's Parmenides / Proclus -- Commentary on Plato's Phaedo / Damascius -- On the first principles / Damascius. | |
| 650 | 0 |
_aPhilosophy, Ancient. _94250 |
|
| 700 | 1 |
_aUždavinys, Algis. _94251 |
|
| 830 | 0 |
_aTreasures of the world's religions. _94252 |
|
| 856 | 4 | 1 |
_3Table of contents _uhttp://www.loc.gov/catdir/toc/ecip0421/2004018009.html |
| 942 |
_2lcc _cMONOGRAPH _05 |
||
| 999 |
_c118791 _d118791 |
||